|
|
|
|
| LEADER |
00000naa2a2200000 4500 |
| 001 |
380843 |
| 005 |
20231101062736.0 |
| 035 |
|
|
|a (RuTPU)RU\TPU\prd\2606
|
| 090 |
|
|
|a 380843
|
| 100 |
|
|
|a 20020401a2002 k y0rusy50 ca
|
| 101 |
0 |
|
|a rus
|
| 102 |
|
|
|a RU
|
| 200 |
1 |
|
|a Утилизация автомобильных шин
|f В. Е. Леонов, А. Г. Сиворина
|
| 225 |
1 |
|
|a Экологическая безопасность
|
| 320 |
|
|
|a Библиогр.: 3 назв.
|
| 461 |
|
1 |
|0 (RuTPU)RU\TPU\prd\1137
|t Безопасность жизнедеятельности
|o научно-практический и учебно-методический журнал
|d 2001-
|
| 463 |
|
1 |
|0 (RuTPU)RU\TPU\prd\2200
|t № 1
|v С. 30-32
|d 2002
|
| 610 |
1 |
|
|a автомобильные шины
|
| 610 |
1 |
|
|a утилизация
|
| 610 |
1 |
|
|a природные ресурсы
|
| 610 |
1 |
|
|a автотранспорт
|
| 610 |
1 |
|
|a получение регенерата
|
| 610 |
1 |
|
|a резиновая крошка
|
| 610 |
1 |
|
|a сжигание
|
| 610 |
1 |
|
|a топливо
|
| 610 |
1 |
|
|a применение в промышленности
|
| 610 |
1 |
|
|a переработка
|
| 610 |
1 |
|
|a загрязнения
|
| 610 |
1 |
|
|a экологическая безопасность
|
| 610 |
1 |
|
|a кокс
|
| 610 |
1 |
|
|a пиролиз
|
| 610 |
1 |
|
|a получение
|
| 675 |
|
|
|a 629.11.012.5.002.8.
|v 3
|
| 700 |
|
1 |
|a Леонов
|b В. Е.
|
| 701 |
|
1 |
|a Сиворина
|b А. Г.
|
| 801 |
|
1 |
|a RU
|b 63413507
|c 20020401
|g PSBO
|
| 801 |
|
2 |
|a RU
|b 63413507
|c 20150115
|g PSBO
|
| 942 |
|
|
|c BK
|